| 000 | 00439nam a2200133 a 4500 | ||
|---|---|---|---|
| 008 | 120416s1992 xx |||||||||||||| || u | ||
| 050 | _aS 571 Ach | ||
| 100 | _aAcharya, S. S | ||
| 245 | 1 | 0 | _aAgricultural marketing in India |
| 250 | _a2nd ed. | ||
| 260 | _c1992 | ||
| 350 | _a0.00 | ||
| 995 |
_D0.00 _FCBU-MAIN LIBRARY (Kitwe) _H1 _I85.00 _M1 _UAVAILABLE _ZMain Library Open Access Collection |
||
| 999 |
_c33930 _d33930 |
||